| 000 | 01099cam a22003375a 4500 | ||
|---|---|---|---|
| 001 | 013119503 | ||
| 003 | EG-ScBUE | ||
| 005 | 20220911104828.0 | ||
| 008 | 050217t2005 gw a f 000 0 eng d | ||
| 020 | _a3822840890 | ||
| 020 | _a9783822840894 | ||
| 040 |
_aStDuBDS _beng _erda _dEG-ScBUE _cEG-ScBUE |
||
| 041 | 1 |
_aeng _hger |
|
| 082 | 0 | 4 |
_a709.04 _222 _bART |
| 245 | 0 | 0 |
_aArt of the 20th century / _cKarl Ruhrberg [and three others] ; edited by Ingo F. Walther. |
| 264 | 1 |
_aKöln : _bTaschen, _c[2005] |
|
| 264 | 4 | _cc2005 | |
| 300 |
_a2 volumes : _billustrations ; _c26 cm |
||
| 336 |
_2rdacontent _atext _btxt |
||
| 337 |
_2rdamedia _aunmediated _bn |
||
| 338 |
_2rdacarrier _avolume _bnc |
||
| 505 | _aVolume 1. Painting -- Volume 2. Sculpture ; new media ; photography. | ||
| 546 | _aText in English ; Translated from the original German. | ||
| 650 | 7 |
_aArt, Modern _y20th century. _2BUEsh |
|
| 651 | _2BUEsh | ||
| 653 |
_bGGEN _cJanuary2018 |
||
| 655 |
_vReading book _934232 |
||
| 700 | 1 |
_aRuhrberg, Karl, _eauthor. |
|
| 700 | 1 |
_aWalther, Ingo F., _eeditor. _937252 |
|
| 942 |
_2ddc _cBB |
||
| 999 |
_c26003 _d25975 |
||